| 000 | 01023nam a2200253Ia 4500 | ||
|---|---|---|---|
| 003 | OSt | ||
| 005 | 20240530172951.0 | ||
| 008 | 210310s9999 xx 000 0 und d | ||
| 020 | _a9716628 | ||
| 037 | _3Donación | ||
| 040 |
_aCO-JMCR _cCO-JMCR _dCO-JMCR _erda _bspa |
||
| 041 | 0 | _aspa | |
| 082 | 0 | 4 |
_223 _a351.132 _bD41m |
| 110 |
_aDepartamento Nacional de Planeación _eautor _91612 |
||
| 245 | 0 |
_a Hacia una política para la eficiencia y la transparencia en la contratación publica / _cDepartamento nacional de planeación |
|
| 260 |
_aBogotá: _bGiro editores, _c2002 |
||
| 300 |
_a457 páginas ; _c27 cm. |
||
| 490 |
_aLa misión de contratación Tomo I _x971661 |
||
| 505 | 0 | _aLa regulación -- Los contratos básicos de la administración -- Procesos de selección -- Manejo presupuestal -- Planeación económica del contrato | |
| 650 | 1 | 4 |
_2JMCR _aAdministración pública _933701 |
| 650 | 2 | 4 |
_2JMCR _aContratación estatal _943190 |
| 650 | 3 | 4 |
_2JMCR _aContratación pública _943192 |
| 942 |
_2ddc _cBK |
||
| 999 |
_c14482 _d14482 |
||